000
00285nam a22001217a 4500
008
170817b xxu||||| |||| 00| 0 eng d
041
_a
eng
080
_a
51
100
_a
36
101
_a
MAT
245
_a
INTRODUCTION TO ORDINARY DIFFERENTIAL EQUATIONS
_c
ROSS,SH.L
942
_2
udc
_c
BK
999
_c
23916
_d
23916